Notes on the quantum theory of angular momentum / (Record no. 67604)
[ view plain ]
| 000 -LEADER | |
|---|---|
| fixed length control field | 00871nam a2200253 a 4500 |
| 001 - CONTROL NUMBER | |
| control field | 67604 |
| 003 - CONTROL NUMBER IDENTIFIER | |
| rucl marc code | BD-RjUL |
| 005 - DATE AND TIME OF LATEST TRANSACTION | |
| control field | 20211209081656.0 |
| 008 - FIXED-LENGTH DATA ELEMENTS--GENERAL INFORMATION | |
| fixed length control field | 170327s1959 nyu b 000 0 eng d |
| 035 ## - SYSTEM CONTROL NUMBER | |
| System control number | (BD-RjUL) 67735 |
| 040 ## - CATALOGING SOURCE | |
| Original cataloging agency | DLC |
| Transcribing agency | DLC |
| Modifying agency | BD-RjUL |
| Language of cataloging | eng |
| 041 ## - LANGUAGE CODE | |
| Language code of text/sound track or separate title | eng |
| 082 00 - DEWEY DECIMAL CLASSIFICATION NUMBER | |
| Classification number | 530.12 |
| Edition number | 23 |
| Author mark and year | FEN 1959 |
| 100 1# - MAIN ENTRY--PERSONAL NAME | |
| Personal name | Feenberg, Eugene. |
| 9 (RLIN) | 200307 |
| 245 10 - TITLE STATEMENT | |
| Title | Notes on the quantum theory of angular momentum / |
| Statement of responsibility, etc. | Eugene Feenberg and George Edward Pake. |
| 260 ## - PUBLICATION, DISTRIBUTION, ETC. (IMPRINT) | |
| Place of publication, distribution, etc. | California ; |
| Name of publisher, distributor, etc. | Stanford University Press, |
| Date of publication, distribution, etc. | c1953 [1959] |
| 300 ## - PHYSICAL DESCRIPTION | |
| Pagination | vii, 56 p. ; |
| Size | 22 cm. |
| 500 ## - GENERAL NOTE | |
| General note | Originally published: Stanford, Calif. : Stanford University Press, 1959. |
| 504 ## - BIBLIOGRAPHY, ETC. NOTE | |
| Bibliography, etc | Includes bibliographical references and index. |
| 650 #0 - SUBJECT ADDED ENTRY--TOPICAL TERM | |
| Topical term or geographic name as entry element | Quantum Mechanics |
| 9 (RLIN) | 158679 |
| 700 1# - ADDED ENTRY--PERSONAL NAME | |
| Personal name | Pake, G. E. |
| Fuller form of name | (George Edward) |
| 942 ## - ADDED ENTRY ELEMENTS (KOHA) | |
| Source of classification or shelving scheme | Dewey Decimal Classification |
| Koha item type | Books |
| Lost status | Source of classification or shelving scheme | Damaged status | Not for loan | Collection code | Permanent Location | Current Location | Shelving location | Date acquired | Source of acquisition | Cost, normal purchase price | Total Checkouts | Full call number | Date last seen | Copy number | Koha item type |
|---|---|---|---|---|---|---|---|---|---|---|---|---|---|---|---|
| Dewey Decimal Classification | Not For Loan | Non-fiction | Central Library, University of Rajshahi | Central Library, University of Rajshahi | Reading Room | 29/01/1963 | Zeitlinger | 87.91 | 530.12 FEN 1959 | 27/03/2017 | C-1 | Books |